Manual de gramática española (Record no. 140631)

MARC details
000 -LEADER
campo de control de longitud fija 00487nam a2200169 i 4500
001 - NÚMERO DE CONTROL
campo de control 140631
003 - IDENTIFICADOR DE NÚMERO DE CONTROL
campo de control ES-MaACL
005 - FECHA Y HORA DE LA ÚLTIMA TRANSACCIÓN
campo de control 20230906200122.0
007 - CAMPO FIJO DE DESCRIPCIÓN FÍSICA--INFORMACIÓN GENERAL
campo de control de longitud fija t|
008 - DATOS DE LONGITUD FIJA--INFORMACIÓN GENERAL
campo de control de longitud fija 070214s1930 sp r ||||1| spa d
100 1# - ENTRADA PRINCIPAL--NOMBRE DE PERSONA
Nombre de persona Seco, Rafael.
9 (RLIN) 105047
245 10 - MENCIÓN DEL TÍTULO
Título Manual de gramática española
Resto del título : morfología /
Mención de responsabilidad, etc. Rafael Seco.
260 ## - PUBLICACIÓN, DISTRIBUCIÓN, ETC.
Lugar de publicación, distribución, etc. Madrid :
Nombre del editor, distribuidor, etc. Iberoamericana,
Fecha de publicación, distribución, etc. 1930.
300 ## - DESCRIPCIÓN FÍSICA
Extensión 181 p. ;
Dimensiones 19 cm.
650 #4 - PUNTO DE ACCESO ADICIONAL DE MATERIA--TÉRMINO DE MATERIA
Término de materia o nombre geográfico como elemento de entrada Lengua española-
Subdivisión general Morfología.
9 (RLIN) 136374
852 ## - LOCALIZACIÓN
Ubicación ES-MaACL
Número de control de estantería C-18313
Holdings
Estatus retirado Estado de pérdida Estado de daño No para préstamo Biblioteca de origen Biblioteca actual Ubicación en estantería Fecha de adquisición Fuente de adquisición Total de préstamos Signatura topográfica completa Código de barras Visto por última vez Precio de reemplazo Tipo de ítem Koha
        Biblioteca del Ateneo de Madrid Biblioteca del Ateneo de Madrid Galería 17/01/2008     C-18313 1146342 23/02/2023 23/02/2023 Libro impreso